| 000 | 00980cam a2200277 a 4500 | ||
|---|---|---|---|
| 999 |
_c128626 _d128626 |
||
| 001 | 3863842 | ||
| 003 | ARRUPE | ||
| 005 | 20181122095300.0 | ||
| 008 | 880901s1988 tnubf 000 0 eng | ||
| 010 | _a 88180780 | ||
| 020 | _a0939697319 (pbk.) | ||
| 040 |
_aDLC _cDLC _dDLC |
||
| 050 | 0 | 0 |
_aBS491.2 _b.C65 1994 |
| 082 | 0 | 0 |
_a220.7 s _a227/.207 _219 |
| 100 | 1 |
_aMadsen, Norman P. _943582 |
|
| 245 | 1 | 0 |
_aFirst and Second Corinthians / _cNorman P. Madsen. |
| 260 |
_aNashville : _bAbingdon Press, _c1994. |
||
| 300 |
_a157p. : _c22 cm. |
||
| 440 | 0 |
_aCokesbury basic Bible commentary ; _v23 _943583 |
|
| 500 | _aCover title: First and Second Corinthians. | ||
| 630 | 0 | 0 |
_aBible. _pCorinthians _xCommentaries. _943584 |
| 740 | 0 | _aFirst and Second Corinthians. | |
| 906 |
_a7 _bcbc _corignew _d2 _encip _f19 _gy-gencatlg |
||
| 942 |
_2lcc _cMONOGRAPH |
||